000 00319nam a22001457a 4500
008 230926b ||||| |||| 00| 0 eng d
020 _a9781550144888
041 _aeng
080 _a618
082 _a618FRI
100 _a15
101 _aGJINEK
245 _aMOTHERING AND BLOGGING
_cFRIEDMAN.M
942 _2udc
_cBK
999 _c60404
_d60404